Principios morales de uso más frecuente : con las enseñanzas de la encíclica Veritatis splendor /

Kaydedildi:
Detaylı Bibliyografya
Yazar: Cuervo Valseca, Fernando (autor)
Materyal Türü: Kitap
Dil:İspanyolca
Baskı/Yayın Bilgisi: Madrid, España : Rialp, 1995, c1995
Edisyon:3a edición
Seri Bilgileri:(Cuestiones Fundamentales ; 32)
Konular:
Etiketler: Etiketle
Etiket eklenmemiş, İlk siz ekleyin!

MARC

LEADER 00000nam^a2200000^a^4500
001 000186832
005 20250521000000.0
009 20260310102240.252
020 |a 84-321-3057-5 
037 |a Acervo ITESO - Biblioteca 
041 |a ESP 
082 |a 262. 91  |b IGL VER CUE 
100 |a Cuervo Valseca, Fernando  |e (autor) 
240 1 1 |a [Encíclicas papales] 
240 1 1 |a [Veritatis splendor] 
245 1 0 |a Principios morales de uso más frecuente :  |b con las enseñanzas de la encíclica Veritatis splendor /  |c F. Cuervo Valseca. 
250 |a 3a edición 
264 4 |a Madrid, España :  |b Rialp,  |c 1995, c1995 
300 |a 149 p. 
336 |a texto  |b txt  |2 rdacontenido 
337 |a sin mediación  |b n  |2 rdamedio 
338 |a volumen  |b nc  |2 rdasoporte 
440 1 |a (Cuestiones Fundamentales ;  |v 32) 
649 |a XX 
650 |a Encíclicas -  |x Historia y Crítica 
650 |a Documentos Pontificios -  |x Historia y Crítica 
650 |a Etica Cristiana 
650 |a Teología Doctrinal 
650 |a Iglesia Católica -  |x Cartas y Edictos Pastorales 
650 |a Iglesia Católica -  |x Historia -  |y Papa, 1978-2005 (Juan Pablo II) 
650 |a Iglesia Católica -  |x Historia 
650 |a Catolicismo 
650 |a Cristianismo 
650 |a Religión 
910 |a Fondo General 
920 |a Impresos - Libros 
930 |a Colección General 
905 |a 101 
901 |a 0500128573  |b IT1  |c ACC  |u 20250521 
902 |a https://opac.biblio.iteso.mx/vufind/Record/000186832